| 000 | 00413pam a2200157 a 4500 | ||
|---|---|---|---|
| 020 | _a0070577161 (alk. paper) | ||
| 040 | _cDLC | ||
| 082 | 0 | 0 | _a338 MCG 1997 A069 Or. |
| 100 | 1 | _aSchiller, Bradley R., | |
| 245 | 1 | 4 | _aThe micro economy today / |
| 250 | _a7th ed. | ||
| 260 |
_aNew York : _bMcGraw-Hill, _cc1997. |
||
| 300 |
_axxvi, 524, 50 p. : _bcol. ill. ; _c26 cm. |
||
| 650 | 0 | _aMicroeconomics. | |
| 942 | _cEK | ||
| 999 |
_c14643 _d14643 |
||